Hazafelé 1920 /
Elmentve itt :
| Szerző: | |
|---|---|
| Dokumentumtípus: | Cikk |
| Megjelent: |
1965
|
| Sorozat: | Tiszatáj
19 No. 8 |
| Kulcsszavak: | Festészet - magyar - 20. sz. |
| Online Access: | http://tiszataj.bibl.u-szeged.hu/3821 |
| LEADER | 00563nab a2200181 i 4500 | ||
|---|---|---|---|
| 001 | tisza3821 | ||
| 005 | 20200330123558.0 | ||
| 008 | 170317s1965 hu o 0|| hun d | ||
| 022 | |a 0133-1167 | ||
| 040 | |a SZTE Tiszatáj Archívum |b hun | ||
| 041 | |a hun | ||
| 100 | 1 | |a Derkovits Gyula | |
| 245 | 1 | 0 | |a Hazafelé |h [elektronikus dokumentum] : |b 1920 / |c Derkovits Gyula |
| 260 | |c 1965 | ||
| 300 | |a 676 | ||
| 490 | 0 | |a Tiszatáj |v 19 No. 8 | |
| 695 | |a Festészet - magyar - 20. sz. | ||
| 856 | 4 | 0 | |u http://tiszataj.bibl.u-szeged.hu/3821/1/tiszataj_1965_008_676.pdf |z Dokumentum-elérés |